000
00506nam a2200181Ia 4500
008
090124s9999 xx 000 0 und d
082
_b
20522
100
_a
आपटे हरि नारायण
245
_a
कर्मयोग
250
_a
3
260
_c
1965
300
_a
14+286
600
_a
आपटे हरि नारायण
630
_a
कर्मयोग
700
_a
आपटे हरि नारायण
730
_a
कर्मयोग
942
_c
BOOK
999
_c
134327
_d
134327